000
00288nam a22001337a 4500
008
170922b xxu||||| |||| 00| 0 eng d
020
_a
9781845534561
041
_a
eng
080
_a
902
100
_a
45
101
_a
ARK
245
_a
ISRAEL'S ETHNOGENESIS
_c
FAUST,A
942
_2
udc
_c
BK
999
_c
28925
_d
28925